LEADER 01757nam a2200325 u 4500 001 000000045866 003 CaOOAMICUS 005 20070226114717.0 008 990617s1986 cg u000 u fre u 035 $a10827233 040 $aPUL(R)$bita$dPUL(R) 111 2 $aRencontre des moraliste Zairois$n(2 :$d1985 :$cKinshasa).$0(OLS)http://pul/name/33419 245 10$aCrise morale et vie economique au Zaire :$bactes de la Deuxieme Rencontre des moraliste zairois. Kinshasa du 11 au 16 novembre 1985) 246 30$aDeuxieme Rencontre des moralistes zairois 260 $aKinshasa :$bInprimerie Saint Paul,$c1986. 490 1 $aEtudies des moralistes zairois ;$v2 500 $aContributi vari. 650 4$aEconomia$xStudi.$0(OLS)http://pul/subject/19077 650 4$aMorale.$0(OLS)http://pul/subject/5288 651 4$aRepubblica democratica del Congo.$xVita e costumi sociali.$0(OLS)http://pul/subject/27482 830 0$aEtudies des moralistes zairois ;$v2.$0(OLS)http://pul/title/61857 850 $aPUL 852 $aPUL$W1$xDP1 Cons. Gen., Altre Classi 1$y22$m46 O 43$j61567$nBK-PRI$b $qStampati$B61567$CPULBib$Z2$F61567 $H $81 852 $aPUL$W1$xSL Religione 2$y84$mRH D4 136$j61568$nBK-PRI$b $qStampati altre collocazioni$B61568$CPULBib$Z2$F61568 $H $81 941 1 $a8 941 1 $a10 961 $aINV: 58089 996 $6245$aCrise morale et vie economique au Zaire :$bactes de la Deuxieme Rencontre des moraliste zairois. Kinshasa du 11 au 16 novembre 1985)$9(OLS)http://pul/title/61855 996 $6246$aDeuxieme Rencontre des moralistes zairois$9(OLS)http://pul/title/61856 996 $6260$aKinshasa :$bInprimerie Saint Paul$9(OLS)http://pul/publisher/66273 LEADER 01211nam a2200313 a 4500 001 000000140963 003 CaOOAMICUS 005 20141217093254.0 008 141217s2014 it u000 u ita r 020 $z978887094-880-6* 040 $aPUL$bita 082 04$a232 100 1 $aBiffi, Giacomo,$ccard.,$d1928-2015.$0(OLS)http://pul/name/12630 245 13$aIl discorso breve :$bla fede in Cristo /$cGiacomo Biffi. 260 $aBologna :$bESD,$cİ2014. 300 $a254 p. ;$c20 cm 490 1 $aAnagogia ;$v04 504 $aBibliografia in nota. 650 4$aCristologia$xStudi.$0(OLS)http://pul/subject/36480 650 4$aCristocentrismo.$0(OLS)http://pul/subject/41037 830 0$aAnagogia ;$v04.$0(OLS)http://pul/title/178358 850 $aPUL 852 $aPUL$W1$xSL Religione 3$y85$m232 BIFIN 2$j162735$qDDC 21$B162384$CPULBib$Z2$F162384 $H125068 $82 941 1 $a9 996 $6020$z978887094-880-6*$9(OLS)http://pul/number/156580 996 $6082$a232$9(OLS)http://pul/classification/381 996 $6245$aIl discorso breve :$bla fede in Cristo$9(OLS)http://pul/title/178357 996 $6260$aBologna :$bESD$9(OLS)http://pul/publisher/62151